[Event "Mittelfranken-chTB2b 1819"]
[Site "Mittelfranken"]
[Date "2018.10.14"]
[Round "1.8"]
[White "Berkhout, Theo"]
[Black "Trainbauer, Walter"]
[Result "1/2-1/2"]
[WhiteElo "1576"]
[BlackElo "1596"]
[PlyCount "65"]
[EventDate "2018.10.14"]
[EventType "team-tourn"]
[EventRounds "9"]
[EventCountry "GER"]
[SourceTitle "EXT 2022"]
[Source "ChessBase"]
[SourceDate "2021.10.06"]
[SourceVersion "1"]
[SourceVersionDate "2021.10.06"]
[SourceQuality "1"]
[WhiteTeam "Nuernberg SK 1911 II"]
[BlackTeam "Muehlhof/Schwabach II"]
[WhiteTeamCountry "GER"]
[BlackTeamCountry "GER"]

1. e4 e5 2. Nf3 d6 3. Nc3 Nf6 4. d4 Bg4 5. Be2 Bxf3 6. Bxf3 Nc6 7. d5 Nd4 8. Be3 Nxf3+ 9. Qxf3 h6 10. g4 Nh7 11. h4 Be7 12. Qg3 g5 13. h5 Nf6 14. f3 Qd7 15. 0-0 c6 16. Rad1 Bd8 17. Qg2 Ba5 18. dxc6 Qxc6 19. Nd5 Nxd5 20. Rxd5 Bc7 21. b3 b5 22. Qe2 a6 23. Rfd1 Rd8 24. c4 bxc4 25. bxc4 Ke7 26. Kg2 Rb8 27. c5 Rhd8 28. cxd6+ Bxd6 29. Qd2 Rb5 30. Rc1 Qb7 31. Kg3 Rxd5 32. exd5 f6 33. Qc2 1/2-1/2

[Event "Mittelfranken-chTB1 0910"]
[Site "Mittelfranken"]
[Date "2009.12.06"]
[Round "4.8"]
[White "Puehn, Georg"]
[Black "Trainbauer, Walter"]
[Result "1-0"]
[WhiteElo "1887"]
[BlackElo "1584"]
[PlyCount "59"]
[EventDate "2009.10.11"]
[EventType "team-tourn"]
[EventRounds "9"]
[EventCountry "GER"]
[SourceTitle "EXT 2011"]
[Source "ChessBase"]
[SourceDate "2010.11.26"]
[SourceVersion "1"]
[SourceVersionDate "2010.11.26"]
[SourceQuality "1"]
[WhiteTeam "Nuernberg NT III"]
[BlackTeam "Muehlhof/Mfr"]
[WhiteTeamCountry "GER"]
[BlackTeamCountry "GER"]

1. e4 c6 2. d4 d5 3. e5 Bf5 4. Nf3 h6 5. Be2 e6 6. 0-0 Qb6 7. c4 Bxb1 8. Rxb1 Qa6 9. b3 Qxa2 10. Bd2 Qa3 11. c5 b5 12. Ra1 Qb2 13. Bd3 g5 14. g4 h5 15. h3 hxg4 16. hxg4 Nh6 17. Qe2 Nf5 18. gxf5 g4 19. fxe6 gxf3 20. exf7+ Kd7 21. Bf5+ Ke7 22. Bg5+ Kxf7 23. Qxb2 Rg8 24. Kh2 Rxg5 25. Bh3 Bh6 26. Qc3 Rg2+ 27. Bxg2 Bf4+ 28. Kh3 fxg2 29. Kxg2 Na6 30. e6+ 1-0